000 00729nam a2200229Ia 4500
003 OSt
005 20220926004046.0
006 a|||||r|||| 00| 0
007 ta
008 220923b |||||||| |||| 00| 0 eng d
020 _a9788120345379
_c318.75
037 _b930A1, 10/03/2014, Shree kala Prakashan
_cGeneral Book
040 _aRTL
_cRTL
_beng
041 _2eng
_aeng
082 _aX:80gF, Q2
100 _aSATYANARAYANA J.
_9242553
245 0 _aManaging transformation
_b Objectives to outcomes.
260 _a New Delhi
_bPHI Learning
_c2012
300 _axi,308p
_ccm.
942 _hX:80gF, Q2
_cGB
_2CC
999 _c609550
_d609550